000 00544nam a22001697a 4500
005 20251108172644.0
008 250721s1998 xx 000 0 ara d
082 1 4 _a346.015/رسل
100 1 _aرسلان، نبيلة إسماعيل
245 1 0 _aحقوق الطفل في القانون المصري /
264 1 _aالقاهرة :
_bالهيئة المصرية العامة،
_c1998.
300 _aج1.
650 1 7 _aقانون الأحوال الشخصية
650 1 7 _aقانون الأسرة
942 _2ddc
_cBK
999 _c85129
_d85129